Σύγχρονη ιστορία νεοελληνικής λογοτεχνίας : απο την άλωση ως τις μέρες μας

Αποθηκεύτηκε σε:
Λεπτομέρειες βιβλιογραφικής εγγραφής
Κύριος συγγραφέας: Κωστελένος, Δημήτρης Π., 1932-2004
Μορφή: Βιβλίο
Γλώσσα:Greek
Δημοσίευση: Αθήνα : Αφοι Κ. Παγουλάτου, [19--].
Θέματα:
Ετικέτες: Προσθήκη ετικέτας
Δεν υπάρχουν, Καταχωρήστε ετικέτα πρώτοι!

MARC

LEADER 00000cam a2200000 i 4500
001 1/39636
008 030829q19uu####gr | || ||||| ||gre||
035 |l 10070660 
040 |a GR-MyUA  |b gre  |e AACR2 
041 0 |a gre 
082 0 |a 889.09 
100 1 |a Κωστελένος, Δημήτρης Π.,   |d 1932-2004. 
245 1 0 |a Σύγχρονη ιστορία νεοελληνικής λογοτεχνίας :   |b απο την άλωση ως τις μέρες μας /   |c Δ.Π. Κωστελένου.  
260 |a Αθήνα :   |b Αφοι Κ. Παγουλάτου,   |c [19--].  
300 |a τ. ;   |c 28 εκ.  
504 |a Περιέχει βιβλιογραφικές παραπομπές και ευρετήριο.  
650 0 0 |a Greek literature  |x History and criticism. 
852 |a INST  |b SAMOS  |e 20030829  |h 889.09 ΚΩΣ  |p 005300023939  |q 005300023939  |t REF  |y 23  |z τ.5 
852 |a INST  |b SAMOS  |e 20030829  |h 889.09 ΚΩΣ  |p 005300023939  |q 005300023939  |t REF  |v τ.5:  |y 23  |z τ.5 
853 |a INST  |b SAMOS  |h 889.09 ΚΩΣ 
901 |a BIBL3-2003-2 
909 |a Σ  |b 087991 
970 |a ΚΟΣΙΕΡΗΣ  |b ΧΡΗΣΤΟΣ  |z 2003/08/29